000 00186nam a2200073Ia 4500
008 170817s9999 xx 000 0 und d
100 _aNIEPA
245 0 _aGLOBALISATION & CHALLENGES FOR EDUCATION
260 _bSHIPRA PUB.
999 _c37534
_d37534